| 000 | 01097nam0a2200289 4500 | ||
|---|---|---|---|
| 001 | RU\NLR\bibl\1719259 | ||
| 005 | 20250616071640.0 | ||
| 010 |
_a978-5-17-069015-2 _bАСТ |
||
| 010 |
_a978-5-271-31104-8 _bАстрель |
||
| 010 |
_a978-5-226-03042-0 _bВКТ _912500 |
||
| 021 |
_aRU _b2010-93909 _96324 |
||
| 035 | _a(NLR Aleph) 001710262 | ||
| 090 |
_a1275712 _c1275712 |
||
| 100 | _a20101224d2010 |||y0rusy50 ca | ||
| 101 | 1 |
_arus _ceng |
|
| 102 | _aRU | ||
| 105 | _ay ||||||||| | ||
| 200 | 1 |
_aЛюбовь и магия _e[сборник романов _fпер. с англ. Я.Е. Царьковой] |
|
| 210 |
_aМосква _cАСТ _cАстрель _aВладимир _cВКТ _d2010 |
||
| 215 |
_a315, [2] с. _d17 |
||
| 327 | 1 | _aСодерж.: Знак любви / Ханна Хауэл. Бесстрашная охотница / Хизер Гротхауз. Повелитель ночи / Виктория Дал | |
| 686 | _aШ6(7США)67-94{Лх1979-30} | ||
| 801 | 0 |
_aRU _bNLR _c20101224 _gRCR |
|
| 801 | 1 |
_aRU _bNLR _c20101224 |
|
| 942 | _cBOOK | ||
| 980 | _aNB | ||